00000000nam##2200000za#4500
0019.641606
003CaOODSP
00520210624223311
007cr |||||||||||
008150407|2008||||xxc|||||o    f|0| 0 fre|d
040 |aCaOODSP|bfre
043 |an-cn---
0861 |aH14-80/2008F-PDF
1101 |aCanada. |bSanté Canada.
24510|aVérification du processus d'assurance de la qualité en ce qui concerne la vérification des bénéficiaires de la Direction générale de santé environnementale et de la sécurité des consommateurs : |h[ressource électronique]|brapport de vérification final / |c[par] Bureau de la vérification et de la responsabilisation.
260 |aOttawa - Ontario : |bSanté Canada |cAvril 2008.
300 |a14p.|btableau
590 |a13-10-Supp|b2013-04-13
69107|aQualité des soins de santé|2gcpds
69107|aVérification|2gcpds
77508|tAudit of the Healthy Environments and Consumer Safety Branch's quality assurance process related to recipient auditing : |w(CaOODSP)9.697565
85640|ahttp://publications.gc.ca|qPDF|s59 Ko|uhttps://publications.gc.ca/collections/collection_2013/sc-hc/H14-80-2008-fra.pdf